| 000 | 00797nam a2200217Ii 4500 | ||
|---|---|---|---|
| 003 | JO-AjNU | ||
| 008 | 230605s9999||||xx |||||||||||||| ||und|| | ||
| 017 | _a1125/91 | ||
| 040 |
_aJO-AjNU _bara _erda _cJO-AjNU |
||
| 041 | _aara | ||
| 050 | 1 | 4 | _aLB1028.35.F86 1992 |
| 100 | 3 |
_aالفنيش،أحمد علي, _eauthor _919055 |
|
| 245 | 0 | 0 | _aالتربية الإستقصائية أصولها النظرية وتطبيقاتها العملية |
| 250 | _aط2 مزيدة ومنقحة | ||
| 264 | 3 | 1 | _aليبيا:الهيئة القومية للبحث العلمي،1992 |
| 300 | _a237ص | ||
| 336 |
_atext _btxt _2rdacontent |
||
| 337 |
_aunmediated _bn _2rdamedia |
||
| 338 |
_avolume _bnc _2rdacarrier |
||
| 650 | 4 |
_aتدريس-أساليب. التربية و التعليم-فلسفة. _919056 |
|
| 999 |
_aA6209 _c9777 _d9777 |
||